| 000 | 01146cad a22002655a 4500 | ||
|---|---|---|---|
| 001 | L151516 | ||
| 008 | 101112s2010 xxk f 000 0 eng d | ||
| 020 | _a9781859357668 | ||
| 035 | _a(Sirsi) u151516 | ||
| 041 | 0 | _aeng | |
| 050 | 0 | 4 | _a333.72 $2 18 |
| 100 | 1 | _aBell, Malcolm | |
| 245 | 0 | 0 |
_aLow carbon housing _blessons from Elm Tree Mews _h[electronic resource] |
| 260 |
_aYork _bLeeds Metropolitan University _c2010 |
||
| 520 | _aThis report sets out the findings from a low carbon housing trial at Elm Tree Mews in York, UK, and discusses the technical and policy issues that arise from it; new build; timber-frame construction; government targets for all new housing to be zero carbon by 2016. | ||
| 590 | _aKA NTK | ||
| 651 | 4 |
_aEngland and Wales _y1543- |
|
| 690 | _aPROPERTY-RESIDENTIAL PROPERTY-DOMESTIC RESIDENTIAL PROPERTY-HOUSING | ||
| 700 | 1 | _aWingfield, Jez | |
| 700 | 1 | _aMiles-Shenton, Dominic | |
| 700 | 1 | _aSeavers, Jenny | |
| 710 | 1 |
_aJoseph Rowntree Foundation _92318 |
|
| 856 | 4 | 0 |
_uhttps://www.jrf.org.uk/sites/files/jrf/low-carbon-housing-full.pdf _zView the report free of charge at www.jrf.org.uk |
| 942 | _n0 | ||
| 999 |
_c111418 _d111418 |
||